Statistics for Bad Boys, Bad Boys, Watcha Gonna Do?

Click here to take the quiz!

General Stats

  • This quiz has been taken 18 times
  • The average score is 9 of 15

Answer Stats

Bad BoysCountry% Correct
YakuzaJapan
100%
Peaky BlindersUnited Kingdom
89%
Crips and BloodsUnited States
83%
Hell's AngelsUnited States
78%
Manitoba WarriorsCanada
72%
Sinaloa CartelMexico
72%
Boko HaramNigeria
72%
Cosa NostraItaly
61%
14k TriadChina
56%
Primeiro Comando da Capital (PCC)Brazil
50%
FARCColombia
50%
BratvaRussia
44%
Galician ClansSpain
44%
Al-ShabaabSomalia
28%
Shining PathPeru
22%

Score Distribution

Percentile by Number Answered

Percent of People with Each Score

Your Score History

You have not taken this quiz